1785 1844 1547 1139 1730 1653 1518 1634 1655 1287 1797 1092 1017 1095 1845 1718 1509 1414 1313 1258 1464 1142 1568 1617 1955 1624 1691 1704 1967 1534 1863 1440 1813 1428 1408 1169 1597 1854 1087 1388 1375 1794 1728 1775 1296 1506 1561 1530 1802 1499 1644 1082 1980 1406 1407 1109 1806 1848 1400 1228 1932 1855 1681 1866 1343 1693 1032 1228 1711 1079 1428 1900 1091 1768 1369 1187 1731 1793 1426 1895 1022 1757 1362 1068 1619 1190 1336 1281 1837 1919 1045 1507 1146 1188 1957 1342 1671 1034 1083 BCNSPRNW ULIB Ver.6.0+V

เปลี่ยนเป็นภาษาไทย

Change to English
 แสดงรายละเอียดบรรณานุกรม
  กลับหน้าหลัก

Brief Record : Get Marc (ISO 2709) : E-mail record : QR code < ปิดหน้าต่าง
LEADER : 00000nam 2200000uu 4500
001    13399125044
003     ULIB
008    160529s2555||||th 000 0 tha d
020    ^a9786162831973
050 04 ^aDS578.32.S57^bจ131
110 1  ^aคณะกรรมการจัดทำหนังสือจดหมายเหตุงานเฉลิมพระเกียรติสมเด็จพระนางเจ้าฯพระบรมราชินีนาถ
245 00 ^aจดหมายเหตุเฉลิมพระเกียรติ สมเด็จพระนางเจ้าสิริกิติ์ พระบรมราชินีนาถ/^cคณะกรรมการจัดทำหนังสือจดหมายเหตุงานเฉลิมพระเกียรติสมเด็จพระนางเจ้าฯพระบรมราชินีนาถ
250    ^aพิมพ์ครั้งที่ 1
260    ^aกรุงเทพฯ :^bรุ่งศิลป์การพิมพ์,^c2555
300    ^a452 หน้า :^bภาพประกอบ+^eซีดี 1 แผ่น 2558
500    ^aเนื่องในโอกาสพระราชพิธีมหามงคลเฉลิมพระชนมพรรษา80 พรรษา 12 สิงหาคม 2555
600 07 ^aสิริกิติ์ พระบรมราชินีนาถ,^cสมเด็จพระนางเจ้า,^d2475 -
650  0 ^aวันเฉลิมพระชนมพรรษา
710 2  ^aกรมศิลปากร
945    ^p0^l0^i23782
999    ^aทศพร เกษรทอง
รายการนี้ยังไม่มีแท็ก
คุณยังไม่ได้ล็อกอิน คุณสามารถมีกิจกรรมร่วมกับเว็บไซต์ได้ แต่ต้องล็อกอินก่อน ::
  ล็อกอิน

รายการสื่อสารสนเทศ

ลำดับที่ ประเภท เลขเรียก/บาร์โค้ด สถานที่ สถานะ
1. การศึกษาทั่วไป
การศึกษาทั่วไป
DS578.32.S57 จ131 ฉ.1 
  Barcode: 23782
ห้องสมุดวิทยาเขตนครสวรรค์
►หนังสือทั่วไป:l:General Books
บนชั้น

รายการใกล้เคียง
    หัวเรื่อง [วันเฉลิมพระชนมพรรษา]

BibComment


ยังไม่เคยถูกคอมเมนท์

คอมเมนท์ทรัพยากรรายการนี้
  คอมเมนท์: จดหมายเหตุเฉลิมพ..


 Copyright 2026. Bcnsprnw @Library